| 000 | 00625nam a22002057a 4500 | ||
|---|---|---|---|
| 003 | OSt | ||
| 005 | 20160425135916.0 | ||
| 008 | 160222b xxu||||| |||| 00| 0 eng d | ||
| 020 | _a978074426X | ||
| 040 | _cDDC. | ||
| 082 | _a658.421 TUK 2008 | ||
| 100 |
_aTukur Isa Karibu; _96813 |
||
| 245 | _aEnterpreneurship and Business Management in Modern Information and Communication Technology. | ||
| 260 | _aIslamic University Uganda, 2008 | ||
| 300 |
_axii,238p; _bill; _c28cm |
||
| 504 | _aincludes Bibliography and index. | ||
| 650 |
_aBusiness Management. _96027 |
||
| 650 |
_aEntrepreneurship _96831 |
||
| 942 |
_2ddc _cSLOAN |
||
| 999 |
_c3058 _d3058 |
||